[Event "8th Dolomiti Open 2017"]
[Site "Forni di Sopra"]
[Date "2017.06.17"]
[Round "9.4"]
[White "Korneev, Oleg"]
[Black "Basso, Pier Luigi"]
[Result "1-0"]
[WhiteElo "2569"]
[BlackElo "2448"]
[Annotator "TA"]
[PlyCount "83"]
[EventDate "2017.??.??"]
[EventType "swiss"]
[EventCountry "ITA"]
[SourceTitle "playchess.com"]
[Source "ChessBase"]
[SourceQuality "1"]

{[%evp 21,83,16,22,18,30,32,31,22,20,24,39,20,39,21,26,10,41,19,43,-1,66,52,59,29,43,41,33,6,13,0,0,0,25,-8,0,0,0,0,0,0,0,0,0,0,44,43,112,71,66,67,100,87,192,143,191,184,247,253,954,951,29991,29992,29995,29996]} 1. e4 c6 2. d4 d5 3. e5 Bf5 4. Nf3 e6 5. Be2 c5 6. O-O Nc6 7. c3 cxd4 {B12: Caro-Kann: Advance Variation} (7... a6 8. Be3 c4 9. Nbd2 h6 10. g3 Nge7 11. Nh4 Bh7 12. Bg4 b5 13. f4 Qd7 14. b4 Bd3 15. Be2 Bxe2 16. Qxe2 {½-½ (40) Najer,E (2679)-Anton Guijarro,D (2679) Poikovsky 2017}) 8. Nxd4 Nxd4 9. cxd4 Ne7 10. Nc3 Nc6 11. Be3 Be7 {LiveBook: 14 Games} 12. Bg4 Qd7 $146 ({Predecessor:} 12... Bg6 13. Rc1 O-O 14. f4 Qd7 15. a3 Na5 16. f5 Bxf5 17. Bxf5 exf5 18. Qf3 Rad8 19. Qxf5 Nc4 20. Bg5 Bxg5 21. Qxg5 Nxb2 {½-½ (21) Goncharenko,G (2502)-Penafiel Lopez,J (2398) ICCF email 2012}) 13. Bxf5 exf5 14. a3 O-O 15. Qf3 Rad8 16. Qg3 {Bh6 is the strong threat.} f6 {With the idea ...fxe5.} 17. f4 Na5 18. Rad1 b5 19. Qf3 Nc4 20. Bc1 b4 (20... a5 $11) 21. axb4 $14 Bxb4 22. Ne2 {[%cal Bc3e2,Be2g3,Bg3f1,Bf1e3][%mdl 32]} Rb8 23. h3 Rb6 24. Ng3 Rfb8 25. b3 Na5 26. Rf2 g6 27. Nf1 Be7 28. Ne3 Rb5 29. Ra2 Nxb3 30. Ba3 $36 {[%mdl 2048] White has good play.} Bxa3 31. Rxa3 a5 32. Kh2 Qc6 33. Rd3 Qe6 ({Black should play} 33... fxe5 $14 34. dxe5 Qc5 35. Qxd5+ Kf8) 34. Qd1 a4 35. Rxa4 fxe5 36. fxe5 R8b7 (36... Nxd4 $16 37. Raxd4 Qxe5+ 38. g3 Rb2+ 39. Ng2 Qe2 40. Qxe2 Rxe2) 37. Qf3 Kg7 38. Ra8 Na5 (38... Rf7 $142 39. Rd8 Nxd4 40. Rxd4 Qxe5+ 41. Qf4 Qxf4+ 42. Rxf4 Rf8 43. Rxd5 Rxd5) 39. Rd8 $18 Rd7 $2 {[#]} (39... Nc6 40. Rxd5 Rxd5 41. Nxd5 (41. Qxd5 Qxd5 42. Nxd5 Rd7 $11) 41... Ra7) 40. Nxf5+ $1 {[%mdl 512]} gxf5 (40... Qxf5 41. Qxf5) 41. Qg3+ Kh6 42. Qh4+ {Precision: White = 56%, Black = 35%.} 1-0

[Event "8th Dolomiti Open 2017"]
[Site "Forni di Sopra"]
[Date "2017.06.17"]
[Round "9.5"]
[White "Bruno, Fabio"]
[Black "Qendro, Llambi"]
[Result "1/2-1/2"]
[WhiteElo "2427"]
[BlackElo "2328"]
[Annotator "TA"]
[PlyCount "126"]
[EventDate "2017.??.??"]
[EventType "swiss"]
[EventCountry "ITA"]
[SourceTitle "playchess.com"]
[Source "ChessBase"]
[SourceQuality "1"]

{[%evp 24,126,48,34,55,17,18,6,28,31,63,19,95,84,76,77,83,42,102,102,120,133,124,139,122,123,120,53,539,535,595,595,577,213,202,207,244,30,535,63,75,71,67,66,72,0,32,33,42,41,60,26,48,48,48,41,55,56,56,56,63,63,63,63,71,71,71,63,71,71,86,86,86,86,87,94,112,112,127,127,127,127,120,106,156,127,149,148,141,127,155,154,163,133,133,147,341,272,281,200,273,248,4727,4386,2097]} 1. Nf3 g6 2. d4 Bg7 3. c4 d6 4. g3 Nf6 5. Bg2 O-O 6. Nc3 Nbd7 7. b3 e5 8. O-O exd4 9. Nxd4 Re8 10. Bb2 Nc5 11. Qc2 a5 12. Rad1 Bd7 {E67: King's Indian: Fianchetto: 6...Nbd7} (12... c6 13. h3 Qe7 14. e3 h5 15. Rfe1 Nfe4 16. Nxe4 Nxe4 17. Nf3 Bxb2 18. Qxb2 a4 19. Nd2 Qf6 20. Qxf6 Nxf6 {½-½ (54) Malakhov,V (2709)-Moranda,W (2559) Warsaw 2012}) 13. Rfe1 {LiveBook: 3 Games} Qc8 14. Nd5 Nxd5 {The position is equal.} 15. cxd5 b5 $146 ({Predecessor:} 15... Bh3 16. Bh1 Qd7 17. a3 Re7 18. Bc3 Rae8 {½-½ (18) Istratescu,A (2540)-Sofronie,I (2405) Bucharest 1998}) 16. e4 Qb7 17. Bc1 (17. Nc6 $5) 17... Re7 (17... b4 $11) 18. Bg5 $16 f6 19. Be3 Rae8 {[%cal Rc5e4]} 20. Rc1 Nxe4 (20... Qa8 $14) 21. Qxc7 Qxd5 22. Qxa5 f5 23. Red1 Qa8 24. Qb4 Bxd4 25. Bxd4 (25. Rxd4 $16 d5 26. Rc2) 25... Bc6 $2 {[%mdl 8192]} (25... Qxa2 $14 26. Bxe4 fxe4) 26. Bb2 $18 Qa7 27. Bxe4 Bxe4 28. Qxd6 $2 (28. Rxd6 Qa8 29. Qc3) 28... Re6 29. Qb4 h5 30. Qxb5 $2 (30. Rd6 $18 {Strongly threatening Rxe6.} Qe7 31. Rxe6 Qxb4 32. Rxe8+ Kf7 33. Rb8) 30... Qxa2 $2 {[%mdl 8192] [#]} (30... Bf3 $1 $11) 31. Bc3 $2 ({White must play} 31. Rc8 $1 $18 {[%cal Rc8e8][%mdl 512]} Rxc8 32. Qd7 Qxb2 33. Qxe6+ Kg7 34. Qxc8) 31... Bc6 32. Qc4 (32. Qc5 $5 {[%cal Rc5d4]} Qe2 33. Qd4 $16) 32... Qe2 33. Qd4 {[%csl Gc3][%cal Rd4g7]} Re5 {Hoping for ...Qf3!} 34. Qc4+ (34. Qf4 $16 Qe4 35. Qxe4 Rxe4 36. Ra1) 34... Qxc4 (34... R5e6 {is more complex.}) 35. bxc4 R5e6 36. Ra1 Bf3 37. Rdc1 Ra8 38. Rxa8+ Bxa8 $14 {[%mdl 4096] Endgame KRB-KRB} 39. c5 Bf3 40. Bd2 Bc6 41. Be3 Kf7 42. h4 Bf3 43. Kf1 Ra6 44. Ke1 Ke6 45. Kd2 Kd5 46. Kc3 Ra3+ 47. Kb4 Ra6 48. Rc2 Kc6 49. Kc3 Kd5 50. Rd2+ Ke6 51. Rd8 Rc6 52. Kb4 Ra6 53. Rd2 Rc6 54. Kb5 Ke7 55. Bg5+ Ke6 56. Bf4 Ke7 57. Bd6+ Kd7 58. Ra2 Ke6 59. Ra3 Bg2 $2 (59... Bd5 $16 {was called for.} 60. f4 Be4) 60. Re3+ Kd5 {[#]} 61. Re5+ $1 Kd4 62. Re6 f4 $2 (62... Kd5 63. Rxg6 Bf1+ 64. Kb4 Be2) 63. Be5+ $18 Ke4 {[%mdl 32768] Precision: White = 58%, Black = 25%. . An unexpected result.} 1/2-1/2

[Event "8th Dolomiti Open 2017"]
[Site "Forni di Sopra"]
[Date "2017.06.17"]
[Round "9.6"]
[White "Bifulco, Michel"]
[Black "Henderson de La Fuente, Lance"]
[Result "0-1"]
[WhiteElo "2254"]
[BlackElo "2365"]
[Annotator "NA"]
[PlyCount "60"]
[EventDate "2017.??.??"]
[EventType "swiss"]
[EventCountry "ITA"]
[SourceTitle "playchess.com"]
[Source "ChessBase"]
[SourceQuality "1"]
[TimeControl "40/5400+30:1800+30"]

{[%evp 23,59,0,0,-52,-45,-21,-25,-60,-55,-70,-62,-101,-74,-148,-129,-144,-120,-137,-145,-233,-211,-197,32767,-528,32767,-548,-550,-626,-589,-613,32767,32767,32767,-792,-879,-821,-850,-933]} 1. d4 {[%emt 0:00:30]} Nf6 {[%emt 0:01:00]} 2. Nc3 {[%emt 0:00:00]} d5 {[%emt 0:00:00]} 3. Bf4 {[%emt 0:00:00]} e6 {[%emt 0:01:00]} 4. Nb5 {[%emt 0:00:30] D00: 1 d4 d5: Unusual lines} Na6 {[%emt 0:00:30]} 5. a3 {[%emt 0:00:00]} c6 {[%emt 0:00:30]} 6. Nc3 {[%emt 0:00:00]} Bd6 {[%emt 0:00:30]} 7. e3 {[%emt 0:00:30]} b6 {[%emt 0:03:30]} 8. Nf3 {[%emt 0:00:30]} Nb8 $146 {[%emt 0:05:30]} ({Predecessor:} 8... Bxf4 9. exf4 O-O 10. Be2 c5 11. O-O Nb8 {0-1 (42) Sheng,J (2375)-So,W (2822) chess.com INT 2017}) 9. Ne5 {[%emt 0:00:30]} Bb7 {[%emt 0:01:30]} 10. Qf3 {[%emt 0:03:30]} O-O {[%emt 0:02:30]} 11. g4 {[%emt 0:01:30]} c5 {[%emt 0:10:30]} 12. Bd3 {[%emt 0:05:30]} Nc6 {[%emt 0:09:30]} 13. g5 {[%emt 0:03:30]} Bxe5 {[%emt 0:05:30]} 14. dxe5 {[%emt 0:09:30]} Nd7 {[%emt 0:00:30]} 15. Qg3 {[%emt 0:03:30]} c4 {[%emt 0:02:30]} 16. Be2 {[%emt 0:09:30]} d4 {[%emt 0:15:30]} 17. Ne4 {[%emt 0:05:30]} Ncxe5 {[%emt 0:02:30]} 18. Bxe5 {[%emt 0:01:30]} (18. f3 $142 Bxe4 19. fxe4) 18... Bxe4 {[%emt 0:00:30]} 19. Bc7 {[%emt 0:00:30]} Qc8 {[%emt 0:00:30]} 20. f3 {[%emt 0:00:30]} Bxc2 {[%emt 0:04:30]} 21. Bxc4 {[%emt 0:04:30]} (21. exd4 $17 Bd3 22. Bxd3 cxd3 23. O-O) 21... e5 {[%emt 0:00:30]} ({Don't play} 21... dxe3 22. Rc1 $17) 22. Rc1 {[%emt 0:00:00]} d3 {[%emt 0:01:30]} 23. Qf2 $2 {[%emt 0:16:00]} (23. O-O) 23... Qxc7 {[%emt 0:01:30]} 24. Bxd3 {[%emt 0:05:30]} Nc5 {[%emt 0:00:30]} 25. Be2 {[%emt 0:10:30]} Bb3 {[%emt 0:01:30]} 26. Rc3 {[%emt 0:00:17]} Rad8 {[%emt 0:00:30]} 27. O-O {[%emt 0:00:16]} Rd2 {[%emt 0:00:30]} 28. Rfc1 {[%emt 0:01:19]} Qe7 {[%emt 0:00:30]} 29. h4 {[%emt 0:00:25]} Rfd8 {[%emt 0:00:30]} 30. Qe1 $19 {[%emt 0:00:33]} Rxb2 {[%emt 0:00:30]} 0-1

[Event "8th Dolomiti Open 2017"]
[Site "Forni di Sopra"]
[Date "2017.06.17"]
[Round "9.7"]
[White "Naumkin, Igor"]
[Black "Denoyelle, Arnaud"]
[Result "1-0"]
[WhiteElo "2401"]
[BlackElo "2188"]
[Annotator "NA"]
[PlyCount "65"]
[EventDate "2017.??.??"]
[EventType "swiss"]
[EventCountry "ITA"]
[SourceTitle "playchess.com"]
[Source "ChessBase"]
[SourceQuality "1"]
[TimeControl "40/5400+30:1800+30"]

{[%evp 20,61,66,20,29,40,14,35,39,27,35,25,45,40,67,36,34,32767,37,20,74,59,56,33,52,3,6,18,0,6,8,0,23,6,32767,32767,32767,-78,-63,32767,41,3,41,62]} 1. d4 {[%emt 0:13:30]} f5 {[%emt 0:01:00]} 2. Nf3 {[%emt 0:00:30]} g6 {[%emt 0:00:30]} 3. g3 {[%emt 0:00:30]} Bg7 {[%emt 0:00:30]} 4. Bg2 {[%emt 0:00:30]} Nf6 {[%emt 0:00:30]} 5. O-O {[%emt 0:00:30]} O-O {[%emt 0:00:00]} 6. c4 {[%emt 0:00:30]} d6 {[%emt 0:00:00]} 7. Nc3 {[%emt 0:00:30]} Nc6 {[%emt 0:00:30]} 8. d5 {[%emt 0:01:30]} Ne5 {[%emt 0:00:00]} 9. Qb3 {[%emt 0:00:30]} Ned7 {[%emt 0:09:00]} 10. Be3 {[%emt 0:01:30] A89: Dutch Defence: Leningrad System: 5 Nf3 0-0 6 0-0 d6 7 Nc3 Nc6} (10. Qc2 a5 11. Bg5 Nc5 12. Rad1 Bd7 13. Nd4 Qe8 14. Rfe1 Ng4 15. h3 h6 16. Bc1 Nf6 17. e4 fxe4 18. Nxe4 Nfxe4 19. Bxe4 Bxh3 20. Bxg6 {1-0 (46) Illescas Cordoba,M (2618)-Rapport,R (2704) Tromsoe 2014}) 10... Ng4 {[%emt 0:11:30]} 11. Bd2 $146 {[%emt 0:06:30]} ({Predecessor:} 11. Bd4 Nde5 12. Rad1 f4 13. Ne4 h6 14. c5 Nxf3+ 15. exf3 Ne5 16. Rfe1 b6 17. cxb6 cxb6 18. Bxe5 Bxe5 {1-0 (36) Mueller,M (2226)-Noetzel,F (2311) Germany 2009}) 11... e5 {[%emt 0:07:30]} 12. dxe6 {[%emt 0:00:30]} Nc5 {[%emt 0:00:30]} 13. Qc2 {[%emt 0:01:30]} c6 {[%emt 0:02:30]} 14. Rad1 {[%emt 0:07:30]} Nxe6 {[%emt 0:05:30]} 15. e3 {[%emt 0:02:30]} Qf6 {[%emt 0:02:30]} 16. Bc1 {[%emt 0:02:30]} Ne5 {[%emt 0:07:30]} 17. Ne2 {[%emt 0:04:30]} Rd8 {[%emt 0:02:30]} 18. b3 {[%emt 0:02:30]} a5 {[%emt 0:02:30]} 19. h4 {[%emt 0:06:30]} h6 {[%emt 0:04:30]} 20. Ba3 {[%emt 0:00:30]} Nf7 {[%emt 0:02:30]} 21. Rd2 {[%emt 0:03:30]} Nc5 {[%emt 0:01:30]} 22. Nfd4 {[%emt 0:06:30]} (22. Nf4 $14) 22... Re8 {[%emt 0:06:30]} 23. Nc3 {[%emt 0:04:30]} g5 {[%emt 0:04:30]} 24. hxg5 {[%emt 0:02:30]} hxg5 {[%emt 0:00:30]} 25. Nde2 {[%emt 0:01:30]} f4 {[%emt 0:04:30]} 26. Bxc5 {[%emt 0:03:30]} dxc5 {[%emt 0:02:30]} 27. exf4 {[%emt 0:04:30]} Bf5 {[%emt 0:01:30]} 28. Qc1 {[%emt 0:07:34]} gxf4 {[%emt 0:00:30]} 29. gxf4 {[%emt 0:00:06] [#]} Re6 {[%emt 0:03:37]} ({Black should try} 29... Nh6 $1 $17) 30. Ng3 {[%emt 0:00:56]} Nh6 {[%emt 0:01:48]} 31. Nce4 $14 {[%emt 0:05:11]} Bxe4 {[%emt 0:02:24]} 32. Bxe4 {[%emt 0:00:36]} Qxf4 {[%emt 0:01:06]} 33. Rd8+ {[%emt 0:00:19]} 1-0

[Event "8th Dolomiti Open 2017"]
[Site "Forni di Sopra"]
[Date "2017.06.17"]
[Round "9.8"]
[White "Vezzosi, Paolo"]
[Black "Carnicelli, Valerio"]
[Result "1-0"]
[WhiteElo "2333"]
[BlackElo "2242"]
[Annotator "TA"]
[PlyCount "59"]
[EventDate "2017.??.??"]
[EventType "swiss"]
[EventCountry "ITA"]
[SourceTitle "playchess.com"]
[Source "ChessBase"]
[SourceQuality "1"]

{[%evp 9,59,28,52,37,122,95,144,81,136,102,125,135,125,132,128,144,161,164,172,151,198,198,231,230,242,218,260,144,123,113,109,99,106,112,234,242,404,405,358,233,229,229,214,217,229,216,291,302,291,261,412,410]} 1. c4 e5 2. g3 d6 3. Bg2 f5 4. d4 Nd7 (4... Be7 5. Nc3 Nf6 6. Nf3 e4 7. Ng5 c6 8. O-O O-O 9. f3 d5 10. cxd5 Nxd5 11. Nh3 exf3 12. Bxf3 Be6 13. Nf4 Nxf4 14. Bxf4 Na6 15. e4 Nb4 16. a3 {½-½ (16) Svidler,P (2755)-Salem,A (2633) Moscow 2017}) 5. Nf3 Ngf6 6. O-O {A20: English Opening: 1...e5} g6 (6... Be7 $14) 7. Nc3 $1 $16 Bg7 8. e4 (8. Ng5 $142 $1 {[%cal Rg5e6] Black must now prevent Ne6.} Ke7 9. Nd5+ (9. dxe5 Nxe5 10. e4 fxe4 $16) 9... Nxd5 10. cxd5 (10. Bxd5 c6 $16)) 8... fxe4 $146 ({Better is} 8... Nxe4 9. Nxe4 fxe4) ({Predecessor:} 8... O-O 9. exf5 gxf5 10. Ng5 exd4 11. Ne6 Qe7 12. Nxf8 dxc3 13. Nxd7 Bxd7 14. bxc3 {1-0 (50) Helis,T (2270)-Stets,D (2409) Polanica Zdroj 1999}) 9. Ng5 {Hoping for Ne6.} Qe7 10. Nb5 (10. Ngxe4 $6 Nxe4 11. Bxe4 (11. Nxe4 exd4 12. Bg5 Qe5 $16) 11... O-O $11) 10... Nb6 11. dxe5 dxe5 12. b3 $36 {[%mdl 2048] Threatens to win with Ba3. Keeping Black busy.} Bg4 13. Qe1 $1 a6 14. Ba3 $1 {[%cal Ra3e7]} Qd7 15. Nc3 O-O-O 16. Ncxe4 ({Don't play} 16. Ngxe4 Nxe4 17. Nxe4 (17. Qxe4 c6 $16) 17... Qf7) 16... Nxe4 17. Nxe4 {aiming for Nc5.} ({Don't do} 17. Qxe4 $6 c6 $16) 17... Qf7 18. Qe3 (18. c5 $18 Nd5 19. c6 $1 {[%mdl 512]}) 18... Kb8 19. Nc5 Bc8 20. Rad1 Rhe8 21. Ne4 {Strongly threatening Nd6!} h6 {[#]} (21... Rd4 $16 22. Bc5 Rxd1 23. Rxd1 Nd7) 22. Nd6 $1 $18 {[%cal Rd6f7][%mdl 512]} cxd6 $2 (22... Rxd6 {keeps fighting.} 23. Bxd6 Nxc4 24. bxc4 cxd6 25. Rxd6 e4) 23. Qxb6 Bf8 {If only Black now had time for ...Qc7....} 24. Bxd6+ Bxd6 25. Rxd6 Rxd6 26. Qxd6+ Ka7 27. Re1 Rf8 28. Qc5+ (28. Qxe5 Qxf2+ 29. Kh1 Rd8 $16) 28... b6 {[#]} 29. Qe3 $1 ({Weaker is} 29. Qxe5 Qxf2+ 30. Kh1 Bb7 $16) 29... g5 (29... Bb7 $142 30. Bxb7 Kxb7) 30. c5 {Precision: White = 72%, Black = 31%.} 1-0

[Event "8th Dolomiti Open 2017"]
[Site "Forni di Sopra"]
[Date "2017.06.17"]
[Round "9.9"]
[White "Barp, Alberto"]
[Black "Seresin, Francesco"]
[Result "1/2-1/2"]
[WhiteElo "2233"]
[BlackElo "2280"]
[Annotator "TA"]
[PlyCount "29"]
[EventDate "2017.??.??"]
[EventType "swiss"]
[EventCountry "ITA"]
[SourceTitle "playchess.com"]
[Source "ChessBase"]
[SourceQuality "1"]

{[%evp 10,29,18,4,30,30,30,19,22,33,20,27,39,20,37,7,7,0,0,-19,12,14]} 1. d4 {[%cal Bd2d4,Bd4d5][%mdl 32]} f5 2. e4 fxe4 3. Nc3 Nf6 4. Bg5 Nc6 5. d5 Ne5 6. Qe2 (6. Qd4 $5 {[%cal Rd4e5]} d6 7. Nxe4 $11) 6... Nf7 {A83: Dutch Defence: Staunton Gambit with 3 Nc3 Nf6 4 Bg5} 7. Bxf6 exf6 8. Nxe4 {[%cal Re4f6]} Qe7 {[#]} 9. d6 $1 {[%mdl 512]} Nxd6 (9... cxd6 10. Nc3) 10. Nxd6+ cxd6 11. O-O-O Qxe2 12. Nxe2 $146 (12. Bxe2 Rb8 13. Nf3 a6 14. h4 {½-½ (54) Dobrov,V (2499)-L'Ami,E (2605) Wijk aan Zee 2017}) 12... b6 {The position is equal.} 13. Nc3 Bb7 14. Nd5 Bxd5 15. Rxd5 1/2-1/2

[Event "8th Dolomiti Open 2017"]
[Site "Forni di Sopra"]
[Date "2017.06.17"]
[Round "9.10"]
[White "Medancic, Rikard"]
[Black "Kiefer, Gerhard"]
[Result "0-1"]
[WhiteElo "2221"]
[BlackElo "2259"]
[Annotator "NA"]
[PlyCount "58"]
[EventDate "2017.??.??"]
[EventType "swiss"]
[EventCountry "ITA"]
[SourceTitle "playchess.com"]
[Source "ChessBase"]
[SourceQuality "1"]
[TimeControl "40/5400+30:1800+30"]

{[%evp 20,58,46,40,51,30,89,69,73,66,162,77,96,-233,-258,-239,32767,32767,32767,32767,-290,32767,-219,32767,-322,-309,-314,-314,-340,32767,32767,-339,-367,32767,32767,32767,32767,32767,-712,-770,-851]} 1. Nf3 {[%emt 0:00:30]} Nf6 {[%emt 0:01:00]} 2. b3 {[%emt 0:00:30]} g6 {[%emt 0:00:00]} 3. Bb2 {[%emt 0:00:30]} Bg7 {[%emt 0:00:00]} 4. g3 {[%emt 0:00:00]} O-O {[%emt 0:00:30]} 5. Bg2 {[%emt 0:00:00]} d6 {[%emt 0:00:30]} 6. d4 {[%emt 0:00:30]} c6 {[%emt 0:07:30]} 7. O-O {[%emt 0:00:00]} Bf5 {[%emt 0:04:30]} 8. c4 {[%emt 0:01:00] A49: 1 d4 Nf6 2 Nf3 g6 3 g3: Anti-King's Indian systems} Nbd7 {[%emt 0:03:30]} (8... a5 9. Nc3 Ne4 10. Nh4 Nxc3 11. Bxc3 Bc8 12. Qd2 d5 13. Nf3 Nd7 14. cxd5 cxd5 15. Ne5 Nf6 {1-0 (52) Dubov,D (2648)-Rakhmanov,A (2662) Sochi 2016}) 9. Nc3 {[%emt 0:01:30]} Ne4 {[%emt 0:01:30]} 10. Nh4 {[%emt 0:08:30]} Nxc3 {[%emt 0:05:30]} 11. Bxc3 {[%emt 0:00:00]} Be6 $146 {[%emt 0:04:30]} ({Predecessor:} 11... Bg4 12. h3 Be6 13. Qd3 d5 14. e4 dxc4 15. bxc4 Ne5 16. Qb1 Nxc4 17. Qxb7 Bxd4 18. Bxd4 Qxd4 19. Qxe7 {0-1 (44) Kalaiyalahan,A (1872)-Roberts,D (2066) Ascot 2013}) 12. e4 {[%emt 0:02:00]} Nf6 {[%emt 0:01:30]} (12... c5 $11) 13. d5 {[%emt 0:04:30]} Bg4 {[%emt 0:04:30]} 14. Qd2 {[%emt 0:00:30]} Re8 {[%emt 0:07:30] [#]} (14... a5 $14) 15. h3 {[%emt 0:09:30]} (15. dxc6 $1 $18 {has better winning chances.} bxc6 16. e5) 15... Bxh3 {[%emt 0:00:30] [#]} 16. e5 $2 {[%emt 0:09:30]} ({Not} 16. Bxh3 $2 Nxe4 17. Qe1 Nxc3 $19) (16. Bxf6 $1 $16 {is necessary to keep the advantage.} Bxg2 17. Bxg7 Bxf1 18. Bc3) 16... Bxg2 {[%emt 0:01:30]} 17. exf6 {[%emt 0:00:30]} Bxf1 {[%emt 0:00:30]} 18. fxg7 {[%emt 0:00:30]} Bh3 {[%emt 0:00:30]} 19. Qh6 {[%emt 0:00:00]} Qc8 {[%emt 0:17:30]} 20. dxc6 {[%emt 0:27:00]} bxc6 {[%emt 0:01:30]} 21. Kh2 {[%emt 0:03:30]} f6 {[%emt 0:02:30]} 22. Re1 {[%emt 0:03:30]} Bf5 {[%emt 0:06:30]} 23. Ng2 {[%emt 0:07:30]} e5 {[%emt 0:02:30]} 24. Ne3 {[%emt 0:02:56]} Be6 {[%emt 0:03:30]} 25. f4 {[%emt 0:02:15]} Qc7 {[%emt 0:01:30]} 26. f5 {[%emt 0:08:07]} gxf5 {[%emt 0:00:30]} 27. Qxf6 {[%emt 0:00:07]} Qxg7 {[%emt 0:00:30]} 28. Qh4 {[%emt 0:00:06]} Rf8 {[%emt 0:05:06]} 29. Ng2 {[%emt 0:00:29]} Rf6 $19 {[%emt 0:00:59]} 0-1

[Event "8th Dolomiti Open 2017"]
[Site "Forni di Sopra"]
[Date "2017.06.17"]
[Round "9.11"]
[White "Sgircea, Silvia-Raluca"]
[Black "Mufic, Goran"]
[Result "1/2-1/2"]
[WhiteElo "2208"]
[BlackElo "2247"]
[Annotator "TA"]
[PlyCount "26"]
[EventDate "2017.??.??"]
[EventType "swiss"]
[EventCountry "ITA"]
[SourceTitle "playchess.com"]
[Source "ChessBase"]
[SourceQuality "1"]

{[%evp 15,16,6,2]} 1. Nf3 d5 2. e3 Nf6 3. c4 e6 4. Nc3 Be7 5. b3 O-O 6. Bb2 c6 {A13: English Opening: 1...e6} (6... c5 7. cxd5 Nxd5 8. Qc2 Nc6 9. h4 h6 10. g4 Nxc3 11. dxc3 e5 12. g5 h5 13. Bc4 Be6 14. Bxe6 fxe6 15. Nd2 Qe8 {½-½ (40) Carlsen,M (2840)-Ganguly,S (2668) Doha 2016}) 7. Be2 Nbd7 8. Qc2 b6 {LiveBook: 5 Games} {Predecessor:} 9. Rg1 $146 c5 10. g4 Bb7 11. g5 Ne4 12. cxd5 exd5 13. Nxe4 dxe4 {½-½ (21) Zude,E (2394)-Keymer,V (2342) Saarbruecken 2015} 1/2-1/2

[Event "8th Dolomiti Open 2017"]
[Site "Forni di Sopra"]
[Date "2017.06.17"]
[Round "9.12"]
[White "Bettalli, Francesco"]
[Black "De Santis, Alessio"]
[Result "1/2-1/2"]
[WhiteElo "2182"]
[BlackElo "2242"]
[Annotator "TA"]
[PlyCount "37"]
[EventDate "2017.??.??"]
[EventType "swiss"]
[EventCountry "ITA"]
[SourceTitle "playchess.com"]
[Source "ChessBase"]
[SourceQuality "1"]

{[%evp 15,16,0,11]} 1. d4 Nf6 2. c4 e6 3. Nf3 b6 4. e3 Bb7 5. Bd3 c5 6. O-O Be7 7. Nc3 cxd4 8. exd4 d5 {Predecessor:} 9. cxd5 $146 Nxd5 10. Ne5 O-O 11. Qg4 f5 12. Qe2 Bf6 13. Bc4 Re8 14. Rd1 Nd7 15. Bb5 Bxe5 16. dxe5 Qe7 17. Nxd5 Bxd5 18. Qh5 g6 19. Qh6 {1-0 (36) Kramnik,V (2777)-Topalov,V (2813) Skopje 2015} 1/2-1/2